LEADER 00717nam a2200241 u 4500 001 991004253613707536 005 20230111094128.0 008 221018s1970 xx r 000 0 ita d 040 $aBibl. Interfacoltà T. Pellegrino$bita 041 $aita 082 0 $a398.2 100 1 $aGrimm, Jakob$019471 245 10$aFiabe /$cJacob Grimm e Wilhem Grimm ; scelte e presentate da Italo Calvino ; traduzione di Clara Bovero 250 $a3. ed. 260 $aTorino :$bEinaudi,$c1970 300 $aXX, 432 p. :$bill. ;$c20 cm 700 1 $aGrimm, Wilhelm 700 1 $aBovero, Clara 700 1 $aCalvino, Italo 830 4$aGli struzzi ;$v7 912 $a991004253613707536 996 $aFiabe$9179750 997 $aUNISALENTO